000 00450nam a2200157 i 4500
001 73588
003 ES-MaACL
005 20230906171848.0
007 t|
008 040908s1943 sp ||||1| spa d
100 1 _aGómez Mur, Luis.
_958073
245 1 0 _aLecciones de Algebra financiera /
_cpor Luis Gómez Mur.
260 _aBarcelona :
_bBosch,
_c[1943] (
_fClarasó)
300 _a726 p. :
_bil. ;
_c23 cm.
852 _aES-MaACL
_jF-16303
_bR.21366
999 _c73588
_d73588